EÚ15 spotrebovala 28,7 percenta HDP na sociálnu ochranu
Výdavky na sociálnu ochranu v percentách z HDP v krajinách Európskej únie za roky 1990, 93 a 96. Ciele výdavkov a zdroje tvorby fondov. Prehľad nárastu miezd v krajinách eurozóny za rok 1998. Úspory domácností a hrubé úspory v Európskej únii v roku 1996.
Gespeichert in:
| 1. Verfasser: | |
|---|---|
| Format: | Buchkapitel |
| Sprache: | Slowakisch |
| Schlagworte: | |
| Tags: |
Keine Tags, Fügen Sie das erste Tag hinzu!
|
MARC
| LEADER | 00000naa a2200000 4500 | ||
|---|---|---|---|
| 001 | r035309 | ||
| 005 | 20230824101237.7 | ||
| 041 | 0 | |a slo | |
| 044 | |a SK | ||
| 245 | 1 | 0 | |a EÚ15 spotrebovala 28,7 percenta HDP na sociálnu ochranu |c Karol Papaj |
| 520 | |a Výdavky na sociálnu ochranu v percentách z HDP v krajinách Európskej únie za roky 1990, 93 a 96. Ciele výdavkov a zdroje tvorby fondov. Prehľad nárastu miezd v krajinách eurozóny za rok 1998. Úspory domácností a hrubé úspory v Európskej únii v roku 1996. | ||
| 610 | 2 | 0 | |a Európska únia |
| 610 | 2 | 0 | |a ochrana sociálna |
| 610 | 2 | 0 | |a mzdy |
| 610 | 2 | 0 | |a úspory obyvateľstva |
| 610 | 2 | 0 | |a úspory |
| 610 | 2 | 0 | |a inflácia |
| 610 | 2 | 0 | |a produkt domáci hrubý |
| 610 | 2 | 0 | |a 1996 |
| 100 | 1 | |a Papaj, Karol | |